书目信息 |
| 题名: |
读书读人
|
|
| 作者: | 朱勇 , 王人博 , 张中秋 著 | |
| 分册: | ||
| 出版信息: | 北京 法律出版社 2007 |
|
| 页数: | 309页 | |
| 开本: | 21cm | |
| 丛书名: | ||
| 单 册: | ||
| 中图分类: | K825.19 | |
| 科图分类: | ||
| 主题词: | 法学家--中国--现代--纪念文集 , 法学家 | |
| 电子资源: | ||
| ISBN: | 978-7-5036-7933-9 | |
| 000 | 00908nam0 2200289 450 | |
| 001 | 1233533280 | |
| 005 | 20121014091929.75 | |
| 010 | @a978-7-5036-7933-9@dCNY27.00 | |
| 100 | @a20080102d2007 em y0chiy50 ea | |
| 101 | 0 | @achi |
| 102 | @aCN@b110000 | |
| 105 | @aa z 000yd | |
| 200 | 1 | @a读书读人@Adu shu du ren@e张晋藩学记@f朱勇,王人博,张中秋等著 |
| 210 | @a北京@c法律出版社@d2007 | |
| 215 | @a309页@c照片(10页)@d21cm | |
| 300 | @a法学学术 | |
| 330 | @a本书收录了一些张晋藩先生民法方面的研究成果,一些学者对其文章读后做感想。 | |
| 517 | 1 | @a张晋藩学记@Azhang jin fan xue ji |
| 606 | 0 | @a法学家@y中国@z现代@j纪念文集 |
| 606 | 0 | @a法学家 |
| 610 | 0 | @a张晋藩 |
| 690 | @aK825.19@v4 | |
| 701 | 0 | @a朱勇@Azhu yong@c(法学)@4著 |
| 701 | 0 | @a王人博@Awang ren bo@f(1958~)@4著 |
| 701 | 0 | @a张中秋@Azhang zhong qiu@f(1962~)@4著 |
| 801 | 0 | @aCN@bNLC@c20101222 |
| 905 | @a10447@dK825.19@eJY369 | |
| 读书读人:张晋藩学记/朱勇,王人博,张中秋等著.-北京:法律出版社,2007 |
| 309页:照片(10页);21cm |
| 法学学术 |
| ISBN 978-7-5036-7933-9:CNY27.00 |
| 本书收录了一些张晋藩先生民法方面的研究成果,一些学者对其文章读后做感想。 |
| ● |
| 相关链接 |
|
|
|
|
正题名:读书读人
索取号:K825.19/JY369
 
预约/预借
| 序号 | 登录号 | 条形码 | 馆藏地/架位号 | 状态 | 备注 |
| 1 | 7827945 | 278279453 | 学院路分馆/ [索取号:K825.19/JY369] | 在馆 | |
| 2 | 7827946 | 278279462 | 学院路分馆/ [索取号:K825.19/JY369] | 在馆 | |
| 3 | 7827947 | 278279471 | 学院路分馆/ [索取号:K825.19/JY369] | 在馆 |